| 000 | 00687nam a2200229 a 4500 | ||
|---|---|---|---|
| 001 | 73742 | ||
| 003 | BD-RjUL | ||
| 005 | 20211209082435.0 | ||
| 008 | 170608s1943 ohuk b 001 0 eng | ||
| 035 | _a(BD-RjUL)73960 | ||
| 040 |
_aDLC _cRPB _dBD-RjUL _beng |
||
| 041 | _aeng | ||
| 082 |
_a657 _223 _bANW 1943 |
||
| 100 | 1 |
_aAndruss, Harvey Adolphus, _d1902-1984. _9218293 |
|
| 245 | 0 | 0 |
_aWays to teach bookkeeping and accounting / _cHarvey Adolphus Andruss |
| 250 | _a2d ed. | ||
| 260 |
_aCincinnati; _aNew York : _bSouthwestern Publishing Company, _cc1943 |
||
| 300 |
_axi, 321 p. ; _c24 cm. |
||
| 504 | _aBibliography: p. 269-311. | ||
| 650 | 0 |
_aAccounting _9218294 |
|
| 942 |
_2ddc _cBK |
||
| 999 |
_c73742 _d73742 |
||